000 00425nam a2200181Ia 4500
001 24525
005 20260414151049.0
008 260414t2015||||xx |||||||||||||| ||spa||
041 _aESP
082 _a345.72
_bC38
100 _aCavani Brain, Renzo
_eAUT
245 0 _aPrueba y proceso judicial
_b
260 _c2015
300 _a382 páginas :
_c24 cm.
650 _aDER
654 _aCDE
942 _cLIB
_dJUS
_fJUS
_2ddc
_n
999 _c24525
_d24525